Handbook of conducting polymers
Shranjeno v:
| Glavni avtor: | |
|---|---|
| Format: | Knjiga |
| Jezik: | angleščina |
| Izdano: |
Nueva York
Marcel Dekker
1986
|
| Teme: | |
| Oznake: |
Označite
Brez oznak, prvi označite!
|
MARC
| LEADER | 00000nam a2200000 a 4500 | ||
|---|---|---|---|
| 001 | UCT4018 | ||
| 003 | CL-VaPUC | ||
| 008 | 961105e19860000US |||||||||||||||||eng|d | ||
| 082 | 0 | 4 | |a 547.7 |b SKO |2 21 |
| 100 | 0 | |a Skotheim, Terje A |e author |9 373107 | |
| 245 | 1 | 0 | |a Handbook of conducting polymers |
| 300 | |a 2 v | ||
| 942 | |c BK | ||
| 945 | |d 19961105 00:00:00 |a paguirre | ||
| 260 | |a Nueva York |b Marcel Dekker |c 1986 | ||
| 650 | 0 | |a Polímeros |9 271736 | |
| 650 | 7 | |a QUIMICA DE LOS POLIMEROS |2 CL-VaPUC |9 360182 | |
| 650 | 7 | |a IONES |2 CL-VaPUC |9 337399 | |
| 650 | 0 | |a Electroquímica |9 263973 | |
| 650 | 0 | |a Conductores eléctricos |9 263132 | |
| 583 | |a last modification |c 20130123 01:29:36 |k Rodrigo Vera | ||
| 999 | |c 253486 |d 253484 | ||
| 952 | |0 0 |1 0 |4 0 |6 547_700000000000000_SKO_1986 |7 0 |8 A |9 274361 |a BIBCUR |b BIBCUR |d 2019-11-19 |h v.1 |i 1784455 |l 1 |o 547.7 SKO 1986 |p 1784455 |r 2025-04-22 |s 2024-08-29 |w 2019-11-19 |y BK |k QUI | ||
| 952 | |0 0 |1 0 |4 0 |6 547_700000000000000_SKO_1986 |7 0 |8 A |9 274362 |a BIBCUR |b BIBCUR |d 2019-11-19 |h v.2 |i 1784463 |o 547.7 SKO 1986 |p 1784463 |r 2025-04-22 |w 2019-11-19 |y BK |k QUI | ||